000 01036nam a2200277 a 4500
999 _c2370
_d2370
008 200313s2018 ii ab||g m|||a00| 0 eng d
040 _aKO
_beng
041 0 _aeng
044 _aii
082 0 4 _223
_a378.242
_bIRM1732
100 1 _aMurali, Akshay
_eResearcher
245 2 0 _aA Study on Port Operations with Special Reference on Jawaharlal Nehru Port Trust, Mumbai /
_cAkshay Murali ; Guide Dr. Yogamala H. L.
260 _aKochi :
_bIndian Maritime University,
_c2018
300 _a47 p. :
_bill.,maps ;
_c29 cm.
490 0 _aMBA Internship 2017-19 ;
_v1705304002
502 _aInternship (MBA)–Indian Maritime University. School of Maritime Management, 2019.
610 2 0 _aJawaharlal Nehru Port Trust (Mumbai)
650 0 _aPort au Port Peninsula (N.L.)
650 0 _aHarbors
655 7 _2lcsh
_aDissertations, Academic
_y2018
700 1 _aH. L., Yogamala
_cDr.
_eGuide
856 _uhttps://drive.google.com/file/d/1z9u3avFTG4ADhi7nKEeXLHWGaq8qFIp2/view?usp=sharing
904 _aReshma_R
942 _cTH